<?xml version="1.0" encoding="UTF-8"?>
<record
    xmlns:xsi="http://www.w3.org/2001/XMLSchema-instance"
    xsi:schemaLocation="http://www.loc.gov/MARC21/slim http://www.loc.gov/standards/marcxml/schema/MARC21slim.xsd"
    xmlns="http://www.loc.gov/MARC21/slim">

  <leader>03347nkc a22003617a 4500</leader>
  <controlfield tag="001">85833</controlfield>
  <controlfield tag="005">20260429095226.0</controlfield>
  <controlfield tag="007">kh bo </controlfield>
  <controlfield tag="008">260422s1990    sp ||||| |||| |0| i|spa d</controlfield>
  <datafield tag="040" ind1=" " ind2=" ">
    <subfield code="a">M-RABA</subfield>
    <subfield code="b">spa</subfield>
    <subfield code="c">M-RABA</subfield>
  </datafield>
  <datafield tag="245" ind1="0" ind2="1">
    <subfield code="a">[Catedral de Le&#xF3;n y proyecto de Hospital General</subfield>
    <subfield code="b">: Dibujos arquitect&#xF3;nicos]</subfield>
    <subfield code="h">[Material gr&#xE1;fico]</subfield>
  </datafield>
  <datafield tag="260" ind1=" " ind2=" ">
    <subfield code="c">[ca.1990]</subfield>
  </datafield>
  <datafield tag="300" ind1=" " ind2=" ">
    <subfield code="a">10 fotograf&#xED;as</subfield>
    <subfield code="b">: reproducci&#xF3;n fotomec&#xE1;nica</subfield>
    <subfield code="c">; 24 x 18 cm</subfield>
  </datafield>
  <datafield tag="500" ind1="0" ind2="0">
    <subfield code="a">Conjunto de10 fotograf&#xED;as de diferentes dibujos de la Catedral de Le&#xF3;n realizados por Mat&#xED;as Lavi&#xF1;a Blasco y de bocetos para el dise&#xF1;o de un nuevo Hospital General realizados por Manuel de Ugartemendia.</subfield>
  </datafield>
  <datafield tag="500" ind1="0" ind2="0">
    <subfield code="a">Nota manuscrita a l&#xE1;piz en el reverso de las fotograf&#xED;as Fot-758 y Fot-763: "Dibujo Cat. Le&#xF3;n -Escuela Arquitectura. Mat&#xED;as Lavi&#xF1;a. Fotos donadas por Pedro Navasc&#xFA;es. Publicado en".</subfield>
  </datafield>
  <datafield tag="505" ind1=" " ind2=" ">
    <subfield code="a">Dibujo de la fachada principal de la Catedral de Le&#xF3;n (Fot-757) -- Dibujo de la Catedral de Le&#xF3;n (Fot-758) -- Catedral de Le&#xF3;n, fachada lateral, entrada norte (Fot-759) -- Catedral de Le&#xF3;n. Secci&#xF3;n longitudinal (Fot-760) -- La Catedral de Le&#xF3;n. Fachada del Sur (Fot-761) -- Catedral de Le&#xF3;n. Fachada Sur del crucero (Fot-762) -- Dibujo de la Catedral de Le&#xF3;n (Fot-763) -- Fachada principal de un Hospital General (Fot-764) -- Planta de un Hospital General (Fot-765) -- Proyecto de un Hospital General (Fot-766).</subfield>
  </datafield>
  <datafield tag="600" ind1="1" ind2="7">
    <subfield code="a">Lavi&#xF1;a Blasco, Mat&#xED;as (</subfield>
    <subfield code="d">1796-1868)</subfield>
    <subfield code="9">14307</subfield>
  </datafield>
  <datafield tag="610" ind1="2" ind2="7">
    <subfield code="a">Catedral de Le&#xF3;n (Espa&#xF1;a)</subfield>
    <subfield code="9">4538</subfield>
  </datafield>
  <datafield tag="651" ind1=" " ind2="7">
    <subfield code="a">Le&#xF3;n</subfield>
    <subfield code="2">embne</subfield>
    <subfield code="9">75160</subfield>
  </datafield>
  <datafield tag="655" ind1=" " ind2="0">
    <subfield code="a">Fotograf&#xED;as de monumentos</subfield>
    <subfield code="9">111580</subfield>
  </datafield>
  <datafield tag="852" ind1=" " ind2=" ">
    <subfield code="j">Fot-757; Fot-758; Fot-759; Fot-760; Fot-761; Fot-762; Fot-763; Fot-764; Fot-765; Fot-766</subfield>
  </datafield>
  <datafield tag="856" ind1=" " ind2=" ">
    <subfield code="u">https://archivoybiblioteca.realacademiabellasartessanfernando.com/cgi-bin/koha/opac-retrieve-file.pl?id=ad9185c86efe2d4825836cbe45e84775</subfield>
    <subfield code="y">Fot-757</subfield>
  </datafield>
  <datafield tag="856" ind1=" " ind2=" ">
    <subfield code="u">https://archivoybiblioteca.realacademiabellasartessanfernando.com/cgi-bin/koha/opac-retrieve-file.pl?id=3bc7ad0463b8844fc4ff2a5a1011aae9</subfield>
    <subfield code="y">Fot-758</subfield>
  </datafield>
  <datafield tag="856" ind1=" " ind2=" ">
    <subfield code="u">https://archivoybiblioteca.realacademiabellasartessanfernando.com/cgi-bin/koha/opac-retrieve-file.pl?id=d2b6c42f8d0267ad9faae7781be5cb6f</subfield>
    <subfield code="y">Fot-759</subfield>
  </datafield>
  <datafield tag="856" ind1=" " ind2=" ">
    <subfield code="u">https://archivoybiblioteca.realacademiabellasartessanfernando.com/cgi-bin/koha/opac-retrieve-file.pl?id=3803d79efc8c044a8f6cdb174e131e64</subfield>
    <subfield code="y">Fot-760</subfield>
  </datafield>
  <datafield tag="856" ind1=" " ind2=" ">
    <subfield code="u">https://archivoybiblioteca.realacademiabellasartessanfernando.com/cgi-bin/koha/opac-retrieve-file.pl?id=8170115edb0c614ce64b356b19c1ab6c</subfield>
    <subfield code="y">Fot-761</subfield>
  </datafield>
  <datafield tag="856" ind1=" " ind2=" ">
    <subfield code="u">https://archivoybiblioteca.realacademiabellasartessanfernando.com/cgi-bin/koha/opac-retrieve-file.pl?id=928ccb96a8b573138777f75180c073bc</subfield>
    <subfield code="y">Fot-762</subfield>
  </datafield>
  <datafield tag="856" ind1=" " ind2=" ">
    <subfield code="u">https://archivoybiblioteca.realacademiabellasartessanfernando.com/cgi-bin/koha/opac-retrieve-file.pl?id=d4fe9e65146874fceef1b208eca04645</subfield>
    <subfield code="y">Fot-763</subfield>
  </datafield>
  <datafield tag="856" ind1=" " ind2=" ">
    <subfield code="u">https://archivoybiblioteca.realacademiabellasartessanfernando.com/cgi-bin/koha/opac-retrieve-file.pl?id=ab0503fbaf5e5238a7626d4ea4e41d35</subfield>
    <subfield code="y">Fot-764</subfield>
  </datafield>
  <datafield tag="856" ind1=" " ind2=" ">
    <subfield code="u">https://archivoybiblioteca.realacademiabellasartessanfernando.com/cgi-bin/koha/opac-retrieve-file.pl?id=4491af7334d66227178fbb63d1fdcd2b</subfield>
    <subfield code="y">Fot-765</subfield>
  </datafield>
  <datafield tag="856" ind1=" " ind2=" ">
    <subfield code="u">https://archivoybiblioteca.realacademiabellasartessanfernando.com/cgi-bin/koha/opac-retrieve-file.pl?id=e529c5f17334bde25e740cd79f882b6b</subfield>
    <subfield code="y">Fot-766</subfield>
  </datafield>
  <datafield tag="942" ind1=" " ind2=" ">
    <subfield code="c">FOTOGRAF&#xCD;A</subfield>
    <subfield code="n">0</subfield>
  </datafield>
  <datafield tag="952" ind1=" " ind2=" ">
    <subfield code="0">0</subfield>
    <subfield code="1">0</subfield>
    <subfield code="2">ddc</subfield>
    <subfield code="4">0</subfield>
    <subfield code="7">0</subfield>
    <subfield code="8">FOTOGRAFIA</subfield>
    <subfield code="a">RABASF</subfield>
    <subfield code="b">RABASF</subfield>
    <subfield code="c">DP2</subfield>
    <subfield code="d">2026-04-22</subfield>
    <subfield code="l">0</subfield>
    <subfield code="o">Fot-757</subfield>
    <subfield code="p">1097082</subfield>
    <subfield code="r">2026-04-22 09:33:20</subfield>
    <subfield code="w">2026-04-22</subfield>
    <subfield code="y">FOTOGRAF&#xCD;A</subfield>
  </datafield>
  <datafield tag="952" ind1=" " ind2=" ">
    <subfield code="0">0</subfield>
    <subfield code="1">0</subfield>
    <subfield code="2">ddc</subfield>
    <subfield code="4">0</subfield>
    <subfield code="7">0</subfield>
    <subfield code="8">FOTOGRAFIA</subfield>
    <subfield code="a">RABASF</subfield>
    <subfield code="b">RABASF</subfield>
    <subfield code="c">DP2</subfield>
    <subfield code="d">2026-04-22</subfield>
    <subfield code="l">0</subfield>
    <subfield code="o">Fot-758</subfield>
    <subfield code="p">1097083</subfield>
    <subfield code="r">2026-04-22 09:33:20</subfield>
    <subfield code="w">2026-04-22</subfield>
    <subfield code="y">FOTOGRAF&#xCD;A</subfield>
  </datafield>
  <datafield tag="952" ind1=" " ind2=" ">
    <subfield code="0">0</subfield>
    <subfield code="1">0</subfield>
    <subfield code="2">ddc</subfield>
    <subfield code="4">0</subfield>
    <subfield code="7">0</subfield>
    <subfield code="8">FOTOGRAFIA</subfield>
    <subfield code="a">RABASF</subfield>
    <subfield code="b">RABASF</subfield>
    <subfield code="c">DP2</subfield>
    <subfield code="d">2026-04-22</subfield>
    <subfield code="l">0</subfield>
    <subfield code="o">Fot-759</subfield>
    <subfield code="p">1097084</subfield>
    <subfield code="r">2026-04-22 09:33:20</subfield>
    <subfield code="w">2026-04-22</subfield>
    <subfield code="y">FOTOGRAF&#xCD;A</subfield>
  </datafield>
  <datafield tag="952" ind1=" " ind2=" ">
    <subfield code="0">0</subfield>
    <subfield code="1">0</subfield>
    <subfield code="2">ddc</subfield>
    <subfield code="4">0</subfield>
    <subfield code="7">0</subfield>
    <subfield code="8">FOTOGRAFIA</subfield>
    <subfield code="a">RABASF</subfield>
    <subfield code="b">RABASF</subfield>
    <subfield code="c">DP2</subfield>
    <subfield code="d">2026-04-22</subfield>
    <subfield code="l">0</subfield>
    <subfield code="o">Fot-760</subfield>
    <subfield code="p">1097085</subfield>
    <subfield code="r">2026-04-22 09:33:20</subfield>
    <subfield code="w">2026-04-22</subfield>
    <subfield code="y">FOTOGRAF&#xCD;A</subfield>
  </datafield>
  <datafield tag="952" ind1=" " ind2=" ">
    <subfield code="0">0</subfield>
    <subfield code="1">0</subfield>
    <subfield code="2">ddc</subfield>
    <subfield code="4">0</subfield>
    <subfield code="7">0</subfield>
    <subfield code="8">FOTOGRAFIA</subfield>
    <subfield code="a">RABASF</subfield>
    <subfield code="b">RABASF</subfield>
    <subfield code="c">DP2</subfield>
    <subfield code="d">2026-04-22</subfield>
    <subfield code="l">0</subfield>
    <subfield code="o">Fot-761</subfield>
    <subfield code="p">1097086</subfield>
    <subfield code="r">2026-04-22 09:33:20</subfield>
    <subfield code="w">2026-04-22</subfield>
    <subfield code="y">FOTOGRAF&#xCD;A</subfield>
  </datafield>
  <datafield tag="952" ind1=" " ind2=" ">
    <subfield code="0">0</subfield>
    <subfield code="1">0</subfield>
    <subfield code="2">ddc</subfield>
    <subfield code="4">0</subfield>
    <subfield code="7">0</subfield>
    <subfield code="8">FOTOGRAFIA</subfield>
    <subfield code="a">RABASF</subfield>
    <subfield code="b">RABASF</subfield>
    <subfield code="c">DP2</subfield>
    <subfield code="d">2026-04-22</subfield>
    <subfield code="l">0</subfield>
    <subfield code="o">Fot-762</subfield>
    <subfield code="p">1097087</subfield>
    <subfield code="r">2026-04-22 09:33:20</subfield>
    <subfield code="w">2026-04-22</subfield>
    <subfield code="y">FOTOGRAF&#xCD;A</subfield>
  </datafield>
  <datafield tag="952" ind1=" " ind2=" ">
    <subfield code="0">0</subfield>
    <subfield code="1">0</subfield>
    <subfield code="2">ddc</subfield>
    <subfield code="4">0</subfield>
    <subfield code="7">0</subfield>
    <subfield code="8">FOTOGRAFIA</subfield>
    <subfield code="a">RABASF</subfield>
    <subfield code="b">RABASF</subfield>
    <subfield code="c">DP2</subfield>
    <subfield code="d">2026-04-22</subfield>
    <subfield code="l">0</subfield>
    <subfield code="o">Fot-763</subfield>
    <subfield code="p">1097088</subfield>
    <subfield code="r">2026-04-22 09:33:20</subfield>
    <subfield code="w">2026-04-22</subfield>
    <subfield code="y">FOTOGRAF&#xCD;A</subfield>
  </datafield>
  <datafield tag="952" ind1=" " ind2=" ">
    <subfield code="0">0</subfield>
    <subfield code="1">0</subfield>
    <subfield code="2">ddc</subfield>
    <subfield code="4">0</subfield>
    <subfield code="7">0</subfield>
    <subfield code="8">FOTOGRAFIA</subfield>
    <subfield code="a">RABASF</subfield>
    <subfield code="b">RABASF</subfield>
    <subfield code="c">DP2</subfield>
    <subfield code="d">2026-04-22</subfield>
    <subfield code="l">0</subfield>
    <subfield code="o">Fot-764</subfield>
    <subfield code="p">1097089</subfield>
    <subfield code="r">2026-04-22 09:33:20</subfield>
    <subfield code="w">2026-04-22</subfield>
    <subfield code="y">FOTOGRAF&#xCD;A</subfield>
  </datafield>
  <datafield tag="952" ind1=" " ind2=" ">
    <subfield code="0">0</subfield>
    <subfield code="1">0</subfield>
    <subfield code="2">ddc</subfield>
    <subfield code="4">0</subfield>
    <subfield code="7">0</subfield>
    <subfield code="8">FOTOGRAFIA</subfield>
    <subfield code="a">RABASF</subfield>
    <subfield code="b">RABASF</subfield>
    <subfield code="c">DP2</subfield>
    <subfield code="d">2026-04-22</subfield>
    <subfield code="l">0</subfield>
    <subfield code="o">Fot-765</subfield>
    <subfield code="p">1097090</subfield>
    <subfield code="r">2026-04-22 09:33:20</subfield>
    <subfield code="w">2026-04-22</subfield>
    <subfield code="y">FOTOGRAF&#xCD;A</subfield>
  </datafield>
  <datafield tag="952" ind1=" " ind2=" ">
    <subfield code="0">0</subfield>
    <subfield code="1">0</subfield>
    <subfield code="2">ddc</subfield>
    <subfield code="4">0</subfield>
    <subfield code="7">0</subfield>
    <subfield code="8">FOTOGRAFIA</subfield>
    <subfield code="a">RABASF</subfield>
    <subfield code="b">RABASF</subfield>
    <subfield code="c">DP2</subfield>
    <subfield code="d">2026-04-22</subfield>
    <subfield code="l">0</subfield>
    <subfield code="o">Fot-766</subfield>
    <subfield code="p">1097091</subfield>
    <subfield code="r">2026-04-22 09:33:20</subfield>
    <subfield code="w">2026-04-22</subfield>
    <subfield code="y">FOTOGRAF&#xCD;A</subfield>
  </datafield>
  <datafield tag="999" ind1=" " ind2=" ">
    <subfield code="c">85833</subfield>
    <subfield code="d">85833</subfield>
  </datafield>
</record>
